000 01428nam a2200313 i 4500
001 136413
003 ES-MaACL
005 20250903063107.0
007 t|
008 070214e1964 sp |r o10|10|spa
040 _cES-MaACL
080 _a327(73)"19"
080 _a327(73:100-664)"19"
100 1 _aRusk, Dean,
_d1909-1994
_eaut
_9101023
245 1 3 _aLa política de los Estados Unidos hacia el comunismo internacional /
_cDean Rusk
260 _a[Madrid :
_bCasa Americana, Embajada de los Estados Unidos de América],
_c1964
300 _a20 páginas ;
_c17 cm
500 _aDiscurso pronunciado por el secretario de Estado de los Estados Unidos de América ante la Conferencia de la Unión Internacional de Obreros Electricistas de Radiotelegrafía y Maquinistas Industriales, en Washington D. C.
650 7 _aComunismo
_2embne
_911211
651 4 _aEstados Unidos-
_xPolítica exterior-
_y1945-1989
_9165138
651 4 _aEstados Unidos-
_xRelaciones-
_zPaíses comunistas
_9242183
655 4 _aDiscursos políticos
_9234213
710 1 _aEstados Unidos.
_bEmbassy (España)
_eedt
_94025
710 2 _aUnión Internacional de Obreros Electricistas de Radiotelegrafía y Maquinistas Industriales.
_bConferencia
_d(1964.
_cWashington D. C.)
_ehis
_97042
852 4 _aES-MaACL
_bR.53642
_cDEPOF
_j2030-F-20
942 _cFOLLETOS
_n0
999 _c136413
_d136413